000 00835nam a2200253Ia 4500
003 OSt
005 20220925194251.0
006 a|||||r|||| 00| 0
007 ta
008 220923b |||||||| |||| 00| 0 eng d
020 _a0674031836
_c2575.3899999999999
037 _b09-10/039, 26/03/2009, INDEPENDENT PUBLISHERS GROUP
_cGeneral Book
040 _aRTL
_cRTL
_beng
041 _2eng
_aeng
082 _aY:3(R), P8
100 _aStrevens Michael
_9250807
245 0 _aDepth
_b An account of scientific explanation.
260 _aCambridge
_bHarvard University Press
_c2008
300 _axvii, 516p.
_ccm.
500 _aBibliography: P495-503
650 _aSociology
942 _hY:3(R), P8
_cGB
_2CC
999 _c528869
_d528869